[Event "18th Aeroflot Open-A 2020"]
[Site "Moscow"]
[Date "2020.02.19"]
[Round "1.1"]
[White "Artemiev, Vladislav"]
[Black "Ivic, Velimir"]
[Result "1-0"]
[WhiteElo "2728"]
[BlackElo "2558"]
[Annotator "TA"]
[PlyCount "101"]
[EventDate "2020.02.19"]
[EventType "swiss"]
[EventCountry "RUS"]
[SourceTitle "playchess.com"]
[Source "ChessBase"]
[SourceQuality "1"]

{[%evp 12,101,9,10,13,0,1,0,8,0,18,13,35,0,0,0,15,15,32,25,17,8,25,31,60,54,48,48,48,46,68,54,53,53,53,43,52,50,55,52,61,50,90,89,86,80,111,103,118,102,108,109,110,112,108,112,115,104,105,98,115,118,115,0,97,96,96,96,93,90,115,115,116,108,111,111,112,114,116,107,125,124,128,127,139,135,198,203,202,210,226,223]} 1. d4 Nf6 2. Nf3 g6 3. Bg5 Bg7 4. Nbd2 O-O 5. e3 d6 6. Bc4 c5 7. c3 cxd4 {A48: 1 d4 Nf6 2 Nf3 g6: Torre, London and Colle Systems.} 8. cxd4 Nc6 9. O-O h6 {The position is equal.} 10. Bh4 e5 11. dxe5 dxe5 {[#]} 12. Bxf6 $146 ({Predecessor:} 12. e4 g5 13. Bg3 Nh5 14. Re1 Nf4 15. h3 Qf6 16. Qb3 Na5 17. Qc3 Nxc4 18. Nxc4 {0-1 (40) Veresagin,J (2360)-Shmuter,L (2460) Volgograd 1994}) 12... Qxf6 13. Ne4 Qf5 14. Qa4 Bd7 15. Nd6 Qf6 16. Rad1 Rad8 {Hoping for ...Nd4.} 17. Qa3 e4 18. Nd2 Qxb2 19. Qxb2 Bxb2 20. Nxb7 Rb8 21. Nc5 Bg4 22. Rb1 Ne5 23. Bb3 Ba3 24. Ndxe4 Kg7 25. h3 Bf5 26. Rbd1 $36 {[%mdl 2048] White has some pressure.} Rfd8 27. g4 $1 {[%cal Rg4f5]} Bxe4 28. Nxe4 Be7 29. Rxd8 Rxd8 30. Rc1 Rd7 31. Kf1 Nd3 32. Rc8 Ba3 33. Rc3 {aiming for Ba4.} Bb4 34. Rc6 Ne5 35. Ra6 Nf3 36. Nf6 Rd8 37. Ne4 Rd7 38. Kg2 Ne1+ 39. Kg3 Nd3 40. Nf6 Rd8 41. Nd5 Bd6+ 42. Kg2 Bb8 43. Ra5 Ne1+ 44. Kf1 Nf3 45. Bd1 Nd2+ 46. Ke2 Ne4 {...Rxd5! is the strong threat.} 47. Bb3 Rd7 48. f3 {White is clearly better.} Nf6 {[#]} (48... Nd6 $16 {keeps fighting.} 49. Rc5 Nb7) 49. Nb4 $1 $18 Bd6 {[#]} 50. Nc6 $1 Rc7 51. Rxa7 {Accuracy: White = 97%, Black = 85%.} 1-0

[Event "18th Aeroflot Open-A 2020"]
[Site "Moscow"]
[Date "2020.02.19"]
[Round "1.2"]
[White "Sivuk, Vitaly"]
[Black "Sargissian, Gabriel"]
[Result "1/2-1/2"]
[WhiteElo "2557"]
[BlackElo "2689"]
[Annotator "TA"]
[PlyCount "68"]
[EventDate "2020.02.19"]
[EventType "swiss"]
[EventCountry "RUS"]
[SourceTitle "playchess.com"]
[Source "ChessBase"]
[SourceQuality "1"]

{[%evp 29,68,46,42,34,51,64,87,-20,29,18,0,0,0,0,14,18,25,21,22,4,4,10,8,7,8,6,8,8,22,0,18,13,11,0,0,0,0,0,0,0,0]} 1. e4 e5 2. Nf3 Nc6 3. Bb5 a6 4. Ba4 Nf6 5. O-O Be7 6. Re1 b5 7. Bb3 O-O 8. c3 d5 9. exd5 Nxd5 10. Nxe5 Nxe5 11. Rxe5 c6 12. d3 Bd6 13. Re1 Qh4 14. g3 Qh3 15. Re4 Nf6 {[#] Hoping for ...Ng4. The modern move.} 16. Rh4 {C89: Closed Ruy Lopez: Marshall Attack.} Qf5 17. Nd2 $1 Ng4 {[#]} 18. Qf3 $146 (18. f3 $16 Ne3 19. Qe2) ({Predecessor:} 18. f3 Ne3 19. Qe2 Nd5 20. c4 Nc7 21. d4 Qg6 22. Qe4 Be6 23. Qxg6 hxg6 24. c5 {½-½ (32) Smeets,J (2593)-Hebden,M (2520) Liverpool 2008}) 18... Re8 (18... Be7 $5 {[%cal Re7h4]} 19. Rxg4 Qxg4 $11) 19. Qxf5 Bxf5 20. Ne4 Be7 21. Bg5 Ne5 {[#] And now ...Nf3+ would win.} 22. Bxe7 Rxe7 23. Rf4 Bg6 {The position is equal.} 24. Nc5 Nxd3 25. Nxd3 Bxd3 26. Rd1 Bg6 $1 27. Rd6 Kf8 28. h4 f6 29. g4 ({Reject} 29. Rxc6 Re1+ 30. Kg2 (30. Kh2 Be4 $17) 30... Be4+ 31. Rxe4 Rxe4 $15) 29... h6 30. Kh2 Re1 31. Rxc6 Be4 $1 {[%cal Re4c6]} 32. Rc7 {Threatens to win with Rxe4!} Rh1+ 33. Kg3 Rg1+ 34. Kh2 Rh1+ {Accuracy: White = 86%, Black = 94%.} 1/2-1/2

[Event "18th Aeroflot Open-A 2020"]
[Site "Moscow"]
[Date "2020.02.19"]
[Round "1.3"]
[White "Maghsoodloo, Parham"]
[Black "Frolyanov, Dmitry"]
[Result "1-0"]
[WhiteElo "2674"]
[BlackElo "2556"]
[Annotator "TA"]
[PlyCount "83"]
[EventDate "2020.02.19"]
[EventType "swiss"]
[EventCountry "RUS"]
[SourceTitle "playchess.com"]
[Source "ChessBase"]
[SourceQuality "1"]

{[%evp 12,83,18,9,14,12,26,15,18,15,30,18,47,35,55,45,47,30,29,43,29,36,33,35,25,35,29,22,59,58,54,83,50,38,129,85,69,79,444,313,367,183,204,163,398,395,535,526,523,508,517,510,489,408,394,389,392,355,572,564,670,663,650,660,656,652,769,772,1400,1325,1216,1193,5110,5110]} 1. d4 d5 2. c4 e6 3. Nc3 c6 4. e4 dxe4 5. Nxe4 Bb4+ 6. Nc3 c5 7. Nf3 Nf6 {D31: Queen's Gambit Declined: Semi-Slav without ...Nf6 (+ Marshall Gambit and Noteboom) and Exchange Variation lines without ...Nf6.} 8. Be2 $1 {[%mdl 4] scores much better than the old 8.a3.} O-O 9. O-O cxd4 {The position is equal.} 10. Nxd4 a6 {[#]} 11. Na4 $146 ({Predecessor:} 11. Be3 Qc7 12. Rc1 Nbd7 13. a3 Be7 14. g3 g6 15. c5 Rd8 16. Qc2 e5 17. Nf3 {1-0 (41) Zvjaginsev,V (2671)-Lupik,M (2197) St Petersburg 2012}) 11... Nbd7 12. a3 Be7 13. b4 $1 a5 14. Rb1 axb4 15. axb4 Ne5 16. Nc3 Bd7 17. Qb3 Qb8 18. f4 Ng6 19. Ncb5 Re8 20. c5 Bf8 21. Bc4 Kh8 22. h3 Qc8 ({Black should play} 22... Bc6 $14) 23. Nf3 Bxb5 24. Bxb5 {f5 is the strong threat.} Rd8 $2 {[%mdl 8192]} (24... Re7 $16 {is a better chance.}) 25. Ng5 Rd4 {[#] Hoping for ...Rxb4!} 26. Bc4 (26. Nxf7+ $142 Kg8 27. Be3) 26... Qc7 27. Be3 Rd7 $2 (27... Rxc4 {is a better defense.} 28. Qxc4 h6) 28. f5 $18 Nh4 29. fxe6 fxe6 30. Bxe6 Qg3 {[%csl Gh4][%cal Rg3g2]} 31. Rb2 Re7 32. Bf4 Qxb3 33. Bxb3 ({Resist} 33. Rxb3 h6 $18) 33... h6 34. Ne6 Rd7 $2 {[#]} (34... Ng6 {was necessary.} 35. Bxh6 gxh6) 35. Bxh6 $1 {[%mdl 576] Deflection. White is clearly winning.} gxh6 36. Rxf6 Bg7 37. Nxg7 Kxg7 38. Rbf2 Ra1+ 39. Kh2 Rb1 40. Rf7+ Rxf7 41. Rxf7+ Kg6 42. Bc2+ {Accuracy: White = 82%, Black = 46%.} 1-0

[Event "18th Aeroflot Open-A 2020"]
[Site "Moscow"]
[Date "2020.02.19"]
[Round "1.4"]
[White "Chanda, Sandipan"]
[Black "Sjugirov, Sanan"]
[Result "1/2-1/2"]
[WhiteElo "2552"]
[BlackElo "2674"]
[Annotator "TA"]
[PlyCount "53"]
[EventDate "2020.02.19"]
[EventType "swiss"]
[EventCountry "RUS"]
[SourceTitle "playchess.com"]
[Source "ChessBase"]
[SourceQuality "1"]

{[%evp 19,53,0,11,11,7,0,0,21,9,2,16,10,6,15,18,10,43,59,101,122,120,66,57,0,0,0,68,68,74,78,88,82,77,0,44,0]} 1. d4 Nf6 2. c4 g6 3. Nc3 d5 4. Nf3 Bg7 5. Qb3 dxc4 6. Qxc4 O-O 7. e4 a6 8. Be2 b5 9. Qb3 c5 10. dxc5 Be6 11. Qc2 {D97: Grünfeld: Russian System: 7 e4, replies other than 7...Bg4.} Nbd7 {[%cal Bb8d7,Bd7c5,Bc5a4,Ba4c3][%mdl 32]} 12. Be3 Rc8 13. Rd1 {The position is equal.} b4 14. Nd5 Bxd5 $1 15. exd5 {aiming for c6.} Nxc5 16. O-O a5 17. Bc4 {[#]} Na4 $146 ({Predecessor:} 17... Nce4 18. Qe2 Qc7 19. Bb3 Ng4 20. Bd4 Ng5 21. g3 Nxf3+ 22. Qxf3 h5 23. h3 {½-½ (23) Zidu,J (2595)-Robson,N (2616) ICCF email 2016}) 18. d6 $1 $36 {[%mdl 2048] White has some pressure.} Nc3 {[#]} 19. Bxf7+ $1 Rxf7 20. bxc3 (20. d7 $1 $16 {[%cal Rd7c8]} Nxd7 21. bxc3) 20... Rxc3 $14 21. dxe7 (21. Qb2 $1 $14 exd6 22. Ng5) 21... Qxe7 $11 (21... Rxc2 $2 {too greedy.} 22. exd8=Q+ Rf8 23. Qxa5 $18) 22. Qa4 Qc7 (22... Ng4 $11) 23. Bd4 $14 Ra3 24. Qb5 {[#] Black must now prevent Ng5.} Qb7 ({Wrong is} 24... Rxa2 $2 25. Be5 $18) 25. Qc4 {Hoping for Ne5.} Qc7 26. Qb5 {Ng5 is the strong threat.} Qb7 $1 {[%cal Rb7b5]} ({But not} 26... Rxa2 $2 27. Be5 $18) 27. Qc4 {Accuracy: White = 71%, Black = 81%.} 1/2-1/2

[Event "18th Aeroflot Open-A 2020"]
[Site "Moscow"]
[Date "2020.02.19"]
[Round "1.5"]
[White "Sarana, Alexey"]
[Black "Kunin, Vitaly"]
[Result "1-0"]
[WhiteElo "2656"]
[BlackElo "2550"]
[Annotator "TA"]
[PlyCount "135"]
[EventDate "2020.02.19"]
[EventType "swiss"]
[EventCountry "RUS"]
[SourceTitle "playchess.com"]
[Source "ChessBase"]
[SourceQuality "1"]

{[%evp 21,135,39,52,54,56,31,31,24,37,23,29,24,30,22,40,37,44,33,37,42,42,41,40,42,38,32,30,28,34,28,34,27,42,44,52,38,40,40,65,65,69,56,68,57,72,66,61,68,71,45,78,88,85,87,81,83,139,128,121,120,189,189,189,148,189,189,189,189,189,189,349,334,335,337,348,335,336,333,306,284,438,409,391,325,617,553,791,813,806,668,1687,1534,1441,1511,2404,2333,2200,1818,29976,29977,29977,29978,29979,29980,29980,29982,29982,29983,29983,29984,29985,29986,29986,29987,29988,29989]} 1. e4 e6 2. d4 d5 3. Nc3 dxe4 4. Nxe4 Bd7 5. Nf3 Bc6 6. Bd3 Nd7 7. O-O Ngf6 8. Ng3 Be7 9. Re1 O-O 10. c3 Bxf3 11. Qxf3 c6 12. Bc2 {C10: French with 3 Nc3: Unusual Black 3rd moves and 3...dxe4.} Re8 13. Nf1 $5 {[%mdl 4] [#] A promising side line.} Qc7 $146 ({Predecessor:} 13... Nf8 14. Bf4 Qb6 15. Bb3 a5 16. Rab1 Ng6 17. Bg3 Red8 18. Ne3 a4 19. Bc2 Qa6 {½-½ (39) Alboredo,J (1885)-Garcia Contreras,C (1952) Montevideo 2014}) 14. Bd2 {White is slightly better.} Rad8 15. Rad1 Bd6 16. h3 e5 17. dxe5 Nxe5 18. Qf5 Ng6 19. Bg5 Rxe1 20. Rxe1 Re8 21. Rxe8+ Nxe8 22. h4 Nf8 23. Qe4 Qd7 24. Nd2 h6 25. Be3 Nf6 26. Qf5 Bb8 27. Nc4 b6 28. a4 Ng4 29. Bd2 Ne5 30. Nxe5 Bxe5 31. Be3 Bc7 32. h5 Ne6 33. g3 Kf8 34. Kf1 Ke7 35. Ke2 (35. Qf3 {keeps more tension.} Kf8 36. Be4 Nd8 37. Bf5 Ne6 38. Kg2) 35... Qd5 36. Qxd5 cxd5 $16 {[%mdl 4096] Endgame KBB-KBN} 37. b4 Bd6 38. Kd3 d4 (38... a5 $142) 39. Bd2 dxc3 40. Bxc3 f6 (40... g6 $16 41. hxg6 fxg6) 41. Ke4 $18 Nc7 {[#]} 42. Bd3 $1 a6 43. Bf1 b5 {[#]} 44. a5 $1 Kf7 45. Bh3 g6 $2 (45... Ke7 46. Bg4 Kf7) 46. hxg6+ Kxg6 47. Bf5+ Kf7 48. g4 Kg7 49. Bc8 Kg6 50. Bd2 Kg7 (50... Be7 {might work better.} 51. Bf4 Ne8 52. Bxa6 Bxb4 53. Bxb5 Nd6+ 54. Bxd6 Bxd6 55. Be8+ Kg7) 51. Kf5 Kf7 52. Bb7 Kg7 $2 (52... Be7 53. Bf4 Bd8 54. Bxh6 Be7) 53. Bf4 Bxf4 54. Kxf4 {KB-KN} Kf7 55. Kf5 Kg7 56. Ke4 Kf7 57. Kd4 f5 58. Kc5 fxg4 59. Kb6 Ne6 60. Kxa6 {White mates.} Ke7 61. Kb6 Kd6 62. a6 h5 63. a7 Nc7 64. a8=Q Nxa8+ 65. Bxa8 h4 66. Kxb5 g3 67. fxg3 hxg3 68. Bg2 {Accuracy: White = 96%, Black = 60%.} 1-0

[Event "18th Aeroflot Open-A 2020"]
[Site "Moscow"]
[Date "2020.02.19"]
[Round "1.6"]
[White "Grigoriants, Sergey"]
[Black "Adhiban, B.."]
[Result "0-1"]
[WhiteElo "2539"]
[BlackElo "2654"]
[Annotator "TA"]
[PlyCount "70"]
[EventDate "2020.02.19"]
[EventType "swiss"]
[EventCountry "RUS"]
[SourceTitle "playchess.com"]
[Source "ChessBase"]
[SourceQuality "1"]

{[%evp 14,70,21,9,22,24,34,23,36,29,40,25,25,14,10,8,52,45,60,27,41,0,0,0,0,0,0,0,0,0,0,0,0,0,0,0,0,-39,-30,-52,-48,-52,-61,-54,-51,-45,-45,-183,-175,-167,-171,-515,-502,-679,-532,-5198,-4882,-29955,-5575]} 1. e4 e5 2. Nf3 Nc6 3. Bb5 a6 4. Ba4 Nf6 5. O-O Bc5 6. c3 b5 7. Bb3 d6 8. a4 {Threatens to win with axb5. The modern move.} Bb7 {C78: Ruy Lopez: Archangelsk and Möller Defences.} 9. d4 Bb6 10. Bg5 h6 {White has an edge.} 11. Bxf6 Qxf6 12. Bd5 O-O 13. dxe5 dxe5 14. Qe2 Rfb8 $5 {[%mdl 4] A promising side line.} 15. Nbd2 bxa4 16. Rxa4 {[#]} a5 $146 ({Predecessor:} 16... Ne7 17. Bxb7 Rxb7 18. Rfa1 a5 19. Nc4 Ng6 20. g3 Rba7 21. h4 Re8 22. Kg2 Nf8 {1-0 (40) Marczuk,D (1918)-Jajte Pachota,M (1685) Krakow 2011}) 17. Qc4 Nd8 {[%cal Bc6d8,Bd8b7,Bb7c5,Bc5d3][%mdl 32] White must now prevent ...c6.} 18. Bxb7 Nxb7 19. Qe2 Nc5 20. Raa1 Rd8 21. Nc4 Nd3 22. g3 Qe6 $1 {[%cal Re6c4]} 23. Nxb6 cxb6 24. Rad1 Nc5 $1 25. Nd2 (25. Rd5 $5) 25... Rd7 26. Nc4 Rad8 $36 {[%mdl 2048] Hoping for ...Rxd1. White is under pressure.} 27. Rxd7 Rxd7 28. h4 {[#]} h5 $1 {[%mdl 512]} 29. Ra1 (29. Qxh5 Qxc4) 29... g6 30. b4 (30. Ne3 $15) 30... axb4 $1 $19 31. cxb4 {[#]} Nb3 $1 {[%cal Rb3a1]} 32. Ra3 $2 (32. Ra8+ Kg7 33. Ne3) 32... Nd4 33. Qa2 Rc7 34. Ne3 {[#]} Qh3 $1 {[%cal Rd4f3]} ({Stronger than} 34... Rc1+ 35. Kg2 $11) 35. Nd1 Rc2 {Accuracy: White = 51%, Black = 92%.} 0-1

[Event "18th Aeroflot Open-A 2020"]
[Site "Moscow"]
[Date "2020.02.19"]
[Round "1.7"]
[White "Kovalev, Vladislav"]
[Black "Asadli, Vugar"]
[Result "1-0"]
[WhiteElo "2650"]
[BlackElo "2538"]
[Annotator "TA"]
[PlyCount "67"]
[EventDate "2020.02.19"]
[EventType "swiss"]
[EventCountry "RUS"]
[SourceTitle "playchess.com"]
[Source "ChessBase"]
[SourceQuality "1"]

{[%evp 11,67,11,20,-14,-13,-14,0,-8,0,0,0,0,33,12,18,0,23,9,4,11,0,0,0,0,14,-10,0,0,48,45,53,41,68,56,64,53,101,104,175,168,169,180,178,182,178,175,235,229,277,193,412,408,578,670,648,648,803,791]} 1. c4 e5 2. Nc3 Nf6 3. Nf3 Nc6 4. e3 Bb4 5. Qc2 O-O 6. Nd5 Be7 7. Nxe7+ $5 {[%mdl 4] Exploring less charted territory. A28: English Opening: Four Knights Variation.} (7. Bd3 {seems wilder.} h6 8. a3 d6 9. b4 a5 10. b5) 7... Qxe7 8. d3 d5 9. cxd5 {The position is equal.} Nxd5 10. a3 a5 11. Be2 {[#]} Nf6 $146 ({Predecessor:} 11... Bg4 12. O-O Rad8 13. b3 Rfe8 14. Bb2 Rd6 15. Rac1 Rg6 16. Kh1 Rd8 17. Rfd1 Nb6 {½-½ (66) Dragnev,V (2553)-Pogosyan,S (2459) Moscow 2019}) 12. O-O Bf5 13. e4 Bg4 14. Be3 Rfd8 15. Rac1 a4 16. h3 {aiming for Bc5.} Bxf3 17. Bxf3 Ne8 18. Bg4 Qd6 19. Rfd1 $36 {[%mdl 2048] White is more active.} Ra5 20. Qd2 {Hoping for Rxc6!} Ra6 21. Rc4 Qe7 22. Qc2 Rda8 23. f4 Ra5 24. d4 $1 {[%cal Rd4e5]} exd4 (24... exf4 $16 25. Bd2 (25. Bxf4 Nd6 $14) 25... R5a7) 25. Bxd4 $18 h5 {[#]} 26. Bf3 $1 Nd6 {[#]} 27. Rxc6 $1 bxc6 28. e5 ({Don't take} 28. Qxc6 $6 g6 $16) 28... Nb5 (28... Ne8 {was worth a try.} 29. Qc3 (29. Bxc6 Rd8 $16) 29... Rd5 30. Qxc6 (30. Bxd5 cxd5 31. Qc6 Rd8 $16) 30... Rdd8) 29. Bc5 ({Not} 29. Bxh5 Nxd4 30. Rxd4 Qc5 $15) 29... Qe6 30. Bxh5 Qb3 $2 (30... Re8 {was called for.} 31. Bf3 Raa8) 31. Qf2 Nd6 (31... Qe6 {keeps fighting.} 32. f5 Qh6) 32. exd6 {White is clearly winning.} cxd6 33. Rxd6 Qb5 {[#]} 34. Bxf7+ $1 {Accuracy: White = 89%, Black = 55%.} 1-0

[Event "18th Aeroflot Open-A 2020"]
[Site "Moscow"]
[Date "2020.02.19"]
[Round "1.8"]
[White "Sindarov, Javokhir"]
[Black "Jumabayev, Rinat"]
[Result "1-0"]
[WhiteElo "2537"]
[BlackElo "2646"]
[Annotator "TA"]
[PlyCount "51"]
[EventDate "2020.02.19"]
[EventType "swiss"]
[EventCountry "RUS"]
[SourceTitle "playchess.com"]
[Source "ChessBase"]
[SourceQuality "1"]

{[%evp 20,51,0,0,0,0,0,0,0,0,0,0,0,0,0,0,15,-46,-48,-49,-51,-109,50,52,235,235,318,307,298,279,574,-23,620,613]} 1. e4 c5 2. Nc3 d6 3. Nge2 Nf6 4. d4 cxd4 5. Nxd4 a6 6. a3 e6 7. Bc4 Nc6 8. O-O Be7 9. Ba2 O-O 10. Be3 Nxd4 11. Bxd4 b5 {B88: Sicilian: Sozin Attack.} 12. f4 Bb7 13. Qd3 Rc8 {The position is equal.} 14. Rae1 Qc7 {[#]} 15. f5 $146 ({Predecessor:} 15. Kh1 Qb8 16. Qg3 Qa8 17. Re3 Rfd8 18. Rfe1 Nh5 19. Qg4 Nf6 20. Qh3 Bc6 21. Rg3 Qb7 22. Qh6 g6 23. f5 Bf8 24. Qh4 {1-0 (24) Zhigalko,A (2610)-Vafiadis,K (2292) Kavala 2016}) 15... e5 16. Bf2 d5 17. exd5 Rfd8 18. Bg3 (18. Re2 $11) 18... Nxd5 $15 19. Bxd5 Bxd5 20. Bxe5 (20. Nxd5 $15 Qc5+ {[%mdl 64] Double Attack} 21. Bf2 Qxd5 22. Qxd5 Rxd5 23. Re2) 20... Bc5+ $2 (20... Qc5+ $1 $17 21. Rf2 Bh4 $1 {[%mdl 576] Pin}) 21. Kh1 $14 Bxg2+ $2 ({Black should play} 21... Qc6 $1 $14 22. Nxd5 Rxd5) 22. Kxg2 $18 Rxd3 23. Bxc7 Rd2+ 24. Kh1 Rxc7 $2 (24... Rxc2 25. f6 Rxb2) 25. Re8+ Bf8 {[#]} 26. Ne4 $1 {Accuracy: White = 84%, Black = 55%.} 1-0

[Event "18th Aeroflot Open-A 2020"]
[Site "Moscow"]
[Date "2020.02.19"]
[Round "1.9"]
[White "Rakhmanov, Aleksandr"]
[Black "Moroni, Luca Jr"]
[Result "1/2-1/2"]
[WhiteElo "2645"]
[BlackElo "2536"]
[Annotator "TA"]
[PlyCount "105"]
[EventDate "2020.02.19"]
[EventType "swiss"]
[EventCountry "RUS"]
[SourceTitle "playchess.com"]
[Source "ChessBase"]
[SourceQuality "1"]

{[%evp 23,105,18,22,19,13,17,17,17,20,14,10,15,19,12,16,15,21,10,11,11,11,13,12,10,21,21,24,17,20,21,31,29,29,29,30,25,27,27,33,17,36,26,34,18,22,11,31,15,16,0,0,0,16,0,57,62,48,66,87,87,87,87,87,108,108,108,162,8,87,8,8,8,8,8,8,8,8,8,8,8,8,8,8,8]} 1. Nf3 Nf6 2. g3 d5 3. Bg2 c5 4. O-O Nc6 5. d4 e6 6. c4 dxc4 7. dxc5 Qxd1 8. Rxd1 Bxc5 9. Nbd2 c3 10. bxc3 O-O 11. Nb3 Be7 12. c4 Bd7 13. Bb2 {E04: Open Catalan: 5 Nf3.} Rfd8 14. Nfd4 Rac8 15. Nb5 b6 16. Nd6 Bxd6 17. Rxd6 Be8 18. Rxd8 Nxd8 19. Rc1 Bc6 20. c5 Bxg2 21. Kxg2 Nd7 {[%cal Rd7c5]} 22. cxb6 Rxc1 23. Bxc1 axb6 $11 {[%mdl 4096] Endgame KBN-KNN} 24. Kf3 Nc6 25. Ke3 Kf8 26. Nd4 {[#]} Nde5 $5 $146 {[%mdl 8] New and interesting.} ({Predecessor:} 26... Nxd4 27. Kxd4 Ke7 28. Kc4 Kd6 29. Kb5 Kc7 30. g4 Nf6 31. Be3 Nd7 32. h4 f5 {1-0 (39) Giri,A (2776)-So,W (2760) Bucharest 2019}) 27. Nxc6 Nxc6 $14 {KB-KN} 28. a4 Ke7 29. Kd3 Kd7 30. Bb2 f6 31. g4 Ne7 32. Ba3 Nd5 33. e3 Nc7 34. f4 Kc6 35. Bf8 g6 36. g5 fxg5 37. fxg5 b5 38. a5 e5 (38... Na6 $11) 39. Ke4 Ne6 40. Be7 b4 41. Bxb4 {[#] Hoping for h4.} Nxg5+ 42. Kxe5 Nf3+ 43. Kf4 Nxh2 44. e4 {Threatens to win with Bc3.} h5 {[#]} 45. Be7 $2 (45. e5 $1 $18 {[%cal Re5e6]} Ng4 46. e6) 45... Ng4 (45... Kb5 $11 {keeps the balance.}) 46. Bd8 (46. e5 $16 {And now e6 would win.} Nxe5 47. Kxe5) 46... Kb5 $11 {The position is equal.} 47. Kg5 Ne5 48. Bf6 Nd3 49. Kxg6 Nc5 50. e5 Nd7 51. a6 {a7 is the strong threat.} Nxe5+ 52. Bxe5 {Threatening mate with a7.} Kxa6 53. Kxh5 {Accuracy: White = 89%, Black = 92%.} 1/2-1/2

[Event "18th Aeroflot Open-A 2020"]
[Site "Moscow"]
[Date "2020.02.19"]
[Round "1.10"]
[White "Sengupta, Deep"]
[Black "Abdusattorov, Nodirbek"]
[Result "1-0"]
[WhiteElo "2534"]
[BlackElo "2644"]
[Annotator "TA"]
[PlyCount "111"]
[EventDate "2020.02.19"]
[EventType "swiss"]
[EventCountry "RUS"]
[SourceTitle "playchess.com"]
[Source "ChessBase"]
[SourceQuality "1"]

{[%evp 9,111,-8,4,4,10,6,11,10,11,16,10,20,22,3,24,30,21,18,22,22,9,16,60,28,134,91,110,102,91,106,101,102,128,136,128,136,133,125,147,158,154,153,154,156,164,159,145,141,150,129,138,93,208,140,142,128,128,74,32,32,25,32,27,24,53,51,53,61,62,0,20,22,28,29,30,0,245,222,315,0,0,20,772,770,767,727,687,619,811,1452,1410,1239,1705,1815,1564,1278,5557,4537,6303,5623,4921,4914,29991,29992]} 1. d4 d5 2. Bf4 Nf6 3. e3 c5 4. Nc3 cxd4 5. exd4 a6 6. Nf3 {B13: Caro-Kann: Exchange Variation and Panov-Botvinnik Attack.} Bg4 {is more profitable than 6...Nc6 at the moment. Played by Aronian in November 2019.} 7. h3 Bxf3 8. Qxf3 {The position is equal.} e6 9. O-O-O Bd6 10. g4 Nc6 11. Kb1 {[#]} Rc8 $146 ({Predecessor:} 11... Bxf4 12. Qxf4 Rc8 13. h4 Qc7 14. Qf3 Na5 15. Bd3 Nc4 16. g5 Nxb2 17. gxf6 Nxd1 18. Nxd1 {0-1 (38) Nabaty,T (2657)-Jones,G (2654) London 2017}) 12. Bxd6 Qxd6 13. g5 $36 {[%mdl 2048] White has some pressure.} Nd7 14. h4 O-O 15. Rg1 f5 16. Qg3 Qc7 (16... f4 $1 $11 17. Qd3 Na5) 17. Bg2 Qxg3 18. fxg3 Nb6 19. Rge1 Rce8 20. Ne2 Re7 21. Nf4 Rfe8 22. b3 Kf8 23. Bf3 Nc8 24. g4 Nd6 25. g6 h6 26. Kb2 fxg4 27. Bxg4 Ne4 28. Re2 b5 29. c3 Kg8 30. a3 a5 (30... Nd8 $16) 31. b4 Nd8 32. Rde1 Nb7 33. Rxe4 (33. Bf3 $142) 33... dxe4 $16 34. Rxe4 Nd6 35. Bxe6+ Kh8 36. Re5 axb4 37. cxb4 Rf8 38. Nd3 Rf3 39. Kc2 (39. Bd5 $14 Rxe5 40. Nxe5) 39... Rf6 40. Bf7 Ra7 41. h5 Rxa3 42. Re7 Rf3 $2 (42... Ra8 $1 $11 {and Black stays safe.}) 43. Rd7 $18 {[#] Intending Rd8+ and mate.} Nxf7 (43... Ne8 {was necessary.}) 44. Ne5 $2 ({Only move:} 44. Rxf7 $18 Rf6 45. Rb7) 44... Rf2+ $11 45. Kb1 Kg8 $2 {[%mdl 8192]} (45... Rb3+ $11 46. Kc1 Rc3+ 47. Kb1 Rb3+ 48. Ka1 Ra3+ 49. Kb1 Rb3+) 46. gxf7+ $18 {[%mdl 4096] Endgame KRR-KRN} Kh7 47. Rd8 Rb3+ 48. Kc1 Rxf7 49. Nxf7 {[%csl Gf7][%cal Rd8h8] [#] KRN-KR} g5 50. Ne5 Kg7 51. Rd6 Rxb4 52. Kc2 Ra4 53. Kd3 Ra3+ 54. Ke4 b4 55. Rg6+ Kh7 56. Ng4 {Accuracy: White = 81%, Black = 59%.} 1-0